Sports Quiz

Random Sports or Hockey Quiz
Score 0/13 Timer 03:00
0 Plays Today
Wins Player % Correct
42Ken Dryden
97.9%
20Gary Smith
97.9%
19Billy Smith
97.9%
30Tony Esposito
93.6%
26Rogie Vachon
93.6%
23Glenn Resch
80.9%
33Gilles Gilbert
74.5%
40Wayne Stephenson
72.3%
19Dan Bouchard
66%
22John Davidson
59.6%
29Gerry Desjardins
44.7%
28Wayne Thomas
44.7%
24Michel Plasse
23.4%
Remove Ads.
Support Sporcle.
Get the best of Sporcle when you Go Orange. This ad-free experience offers more features, more stats, and more fun while also helping to support Sporcle. Thank you for becoming a member.

You're not logged in!

Compare scores with friends on all Sporcle quizzes.
OR
Log In

Show Comments

Extras

Top Quizzes Today


Score Distribution

Your Account Isn't Verified!

In order to create a playlist on Sporcle, you need to verify the email address you used during registration. Go to your Sporcle Settings to finish the process.

Report this User

Report this user for behavior that violates our Community Guidelines.

Details: